Population of Japan 2000

Salvato in:
Dettagli Bibliografici
Natura: Libro
Lingua:inglese
Pubblicazione: Tokyo Statistics Bureau 2003
Soggetti:
Tags: Aggiungi Tag
Nessun Tag, puoi essere il primo ad aggiungerne!!

MARC

LEADER 00000nam$a2200000$$$4500
001 0021426
005 20260122094858.1
041 0 |a eng 
044 |a JP 
245 1 0 |a Population of Japan 2000 
264 1 |a Tokyo  |b Statistics Bureau  |c 2003 
300 |a 112 s. 
610 2 0 |a populácia 
610 2 0 |a obyvateľstvo 
610 2 0 |a demografia 
610 2 0 |a vek 
610 2 0 |a úmrtnosť 
610 2 0 |a vzdelanie 
610 2 0 |a sily pracovné 
610 2 0 |a priemysel 
610 2 0 |a zamestnanie 
610 2 0 |a domácnosti 
610 2 0 |a byty 
610 2 0 |a Japonsko